000 00872nam a22002177a 4500
003 BD-DhSAU
005 20210920095010.0
008 210920b ||||| |||| 00| 0 eng d
040 _aBD-DhSAU
082 _222
_a580
_bSa299
100 _aSakur , Bakir Abdus;
_dReg.:# 12-04758
245 _aPerformance of vermicompost and municapal waste organigated compost on morpho-physiological and yield attributes of mustard /
_bMs Thesis
260 _aDepartment of Agricuture Botany;
_bSher-e-Bangla Agricultural University, Dhaka-1207;
_c2018;
300 _axi.; 60p.;
_c30cm.;
590 _anazmul
650 _2vermicompost and municapal
_awaste organigated compost
_vmorpho-physiological , mustard
700 _aProf. Dr. Md. Kamal Uddin Ahemed
_eSupervisor
710 _aProf. Dr. Md. Moinul Haque
_eCo-Supervisor
856 _yOnline Access
942 _2ddc
_cTHESIS
999 _c15231
_d15230